Zvýšenie súm stravného pri tuzemskej pracovnej ceste a jeho dosah v praxi

Opatrenie Ministerstva práce, sociálnych vecí a rodiny SR č. 148/2018 Z. z. o sumách stravného. Zvýšenie súm stravného a dosah na pracovné cesty. Zvýšenie sumy stravného v časovom pásme 5 až 12 hodín a vplyv na paragraf 152 Zákonníka práce. Zvýšenie sumy stravného a jeho vplyv na zákon č. 595/2003 Z...

Ausführliche Beschreibung

Gespeichert in:
Bibliographische Detailangaben
1. Verfasser: Minková, Ľuboslava
Format: Buchkapitel
Sprache:Slowakisch
Schlagworte:
Tags: Tag hinzufügen
Keine Tags, Fügen Sie das erste Tag hinzu!

MARC

LEADER 00000naa a2200000 4500
001 0246456
005 20180718092721.5
041 0 |a slo 
044 |a SK 
245 1 0 |a Zvýšenie súm stravného pri tuzemskej pracovnej ceste a jeho dosah v praxi  |c Ľuboslava Minková 
520 |a Opatrenie Ministerstva práce, sociálnych vecí a rodiny SR č. 148/2018 Z. z. o sumách stravného. Zvýšenie súm stravného a dosah na pracovné cesty. Zvýšenie sumy stravného v časovom pásme 5 až 12 hodín a vplyv na paragraf 152 Zákonníka práce. Zvýšenie sumy stravného a jeho vplyv na zákon č. 595/2003 Z. z. o dani z príjmov v znení neskorších predpisov. Príklady z praxe. 
610 2 0 |a cesty pracovné 
610 2 0 |a stravovanie spoločné 
610 2 0 |a náklady 
610 2 0 |a financie 
610 2 0 |a legislatíva 
610 2 0 |a zamestnávatelia 
610 2 0 |a zamestnanci 
610 2 0 |a dane z príjmov 
100 1 |a Minková, Ľuboslava